Cold war : (Record no. 143863)

MARC details
000 -LEADER
fixed length control field 00582nam a22001817a 4500
005 - DATE AND TIME OF LATEST TRANSACTION
control field 20170829122923.0
010 ## - LCCN (DPL NO)
LC control number ENG-120147
020 ## - INTERNATIONAL STANDARD BOOK NUMBER
Terms of availability 995.00
International Standard Book Number 9788192757025
035 ## - SYSTEM CONTROL NUMBER
System control number EN-103679
037 ## - SOURCE OF ACQUISITION
Source of stock number/acquisition DBAD/PUB
082 ## - DEWEY DECIMAL CLASSIFICATION NUMBER
Classification number 327.54
100 ## - MAIN ENTRY--PERSONAL NAME
Personal name Ravindra Kumar
245 ## - TITLE STATEMENT
Title Cold war :
Remainder of title its effects on global peace /
Statement of responsibility, etc by Ravindra Kumar
260 ## - PUBLICATION, DISTRIBUTION, ETC. (IMPRINT)
Place of publication, distribution, etc New Delhi
Name of publisher, distributor, etc Trans-India Book Distributors
Date of publication, distribution, etc 2014
270 ## - ADDRESS
Address A-148,Harnam Singh Market Ismalipur Road, Jaitpur Badarpur
City New Delhi
Postal code 110044
300 ## - PHYSICAL DESCRIPTION
Extent 320p.
Dimensions 21cm(Hb)
942 ## - ADDED ENTRY ELEMENTS (KOHA)
Source of classification or shelving scheme Dewey Decimal Classification
Item type English Books
Classification part 327.54
Call number suffix RAV
Holdings
Withdrawn status Lost status Not for loan Collection code Home library Current library Date acquired Source of acquisition Cost, normal purchase price Full call number Barcode Copy number Cost, replacement price Koha item type
      Non-fiction Ashok Vihar Ashok Vihar 28/08/2017 DBAD/PUB 995.00 327.54 KUM EN-103679 1 995.00 English Books

© Delhi Public Library
Hit Counter
free hit counter